000 00651nam a2200229 a 4500
999 _c9009
_d9009
001 9009
003 BD-JhCC
005 20180307111935.0
008 180307s1969 e a|||| || | 000 0 eng d
035 _a(BD-JhCC)9009
040 _aBD-JhCC
_dBD-JhCC
041 _aeng
082 _a374.22
_bFIS 1969
100 _aFisher, Joseph A.
245 _aReading to Discover Organization :
_bA Program for Self-Instraction /
_cJoseph A. Fisher,
260 _aLondon :
_bMcGraw-Hill Book Company,
_c1969.
300 _a173 p. :
_bill. ;
_c24 cm.
650 _aReading Comprehension
650 _aDevelopmental Reading
942 _2ddc
_cBK